| 000 | 00878nam a22002657a 4500 | ||
|---|---|---|---|
| 999 |
_c5991 _d5991 |
||
| 003 | OSt | ||
| 005 | 20260109101103.0 | ||
| 008 | 260109b ||||| |||| 00| 0 eng d | ||
| 020 | _a9780007514298 | ||
| 040 |
_cStDuBDS _dKH8 |
||
| 082 | 0 | 4 | _a823.92 JEF |
| 100 | 1 |
_aJeffers, Oliver, _eauthor, _eartist. |
|
| 245 | 1 | 3 |
_aAn alphabet of stories _cOliver Jeffers. |
| 264 | 1 |
_aLondon _bHarperCollins Children's Books, _c2018. |
|
| 300 |
_a1 volume (unpaged) : _billustrations (colour) ; _c28 cm |
||
| 336 |
_atext _2rdacontent |
||
| 336 |
_astill image _2rdacontent |
||
| 337 |
_aunmediated _2rdamedia |
||
| 338 |
_avolume _2rdacarrier |
||
| 500 | _aOriginally published: as Once upon an alphabet. 2014. | ||
| 500 |
_aFormerly CIP. _5Uk |
||
| 650 | 0 |
_aEnglish language _xAlphabet _vPictorial works _vJuvenile fiction. |
|
| 650 | 0 | _aChildren's stories, American. | |
| 942 |
_2ddc _cFIC |
||